000 00633nam a2200217Ia 4500
003 OSt
005 20260312101051.0
008 210716s1990 xx 000 0 und d
040 _cAIMIT LIBRARY
041 _aeng
082 _a511.2
_21
_bVITP
100 _aVittal, P R.
_9258569
245 _aBusiness mathematics and statistics /
_cBy P R Vittal.
250 _a1st ed.
260 _aMadras :
_bMargham Publications ,
_c1990.
300 _a669p. ;
_bPB
_c21.1 cm
650 _aCompound interest
_9258570
650 _aBinary number system
_9258571
650 _aMeasures of skewness
_9258572
942 _2ddc
_cBK
_e1st
_k511.2 VITP
999 _c182515
_d182515